000 00734cab a22002175a 4500
001 L158933
008 151014e2015 xxk 000 0 eng d
035 _a(Sirsi) u158933
041 0 _aeng
100 1 _aWright, Nigel
245 0 0 _aAgile, able and raring to go
260 _c2015
490 _aSolicitors Journal
_v159 (38) 13 October 2015, 18-21(3)
520 _aLooks at the advantages of agile working practices for businesses, employees and clients. Includes case studies of a number of legal firms who have introduced agile working and hot desking for their employees.
590 _aKA
650 2 4 _aFLEXIBLE WORKING
650 2 4 _aAGILE
650 2 4 _aHOT DESKING
690 _aBusiness and management
942 _n0
999 _c84737
_d84737